• 首页
  • 本馆介绍
  • 公告通知
  • 最新文献
  • 馆藏检索
  • 电子资源
  • 读者导购
  • 参考咨询
  • 我的图书馆
  • 登录
  • 详细信息显示
  • 放入我的书架
  • 预约/预借图书
  • 作者相关作品
  • 分类相关作品
  • 丛书相关作品
  • 出版社相关作品

书目信息

  • 表格格式
  • 工作单格式
  • 卡片格式
题名:
东南亚的封建——奴隶制结构与古代东方社会
    
 
作者: 何平 著
分册:  
出版信息: 昆明   云南大学出版社  1999
页数: 218页
开本: 20cm
丛书名:
单 册:
中图分类: K33
科图分类:
主题词: 东南亚--历史
电子资源:
ISBN: 7-81068-082-X
000 00580nam0 2200193 45
001 0304161482
005 20040512090754.7
010    @a7-81068-082-X@dCNY12.00
100    @a20030416d1999 km y0chiy0120 ea
101 0  @achi
105    @a z 000yy
200 1  @a东南亚的封建——奴隶制结构与古代东方社会@ADong Nan Ya De Feng Jian——Nu Li Zhi Jie Gou Yu Gu Dai Dong Fang She Hui@f何平著@FHe Ping Zhu
210    @a昆明@c云南大学出版社@d1999
215    @a218页@d20cm
606 0  @a东南亚@x历史
690    @aK33@v4
701  0 @a何平@4著
801    @aCN@bTSTC@c20030416
905    @dK33@e4
    
    东南亚的封建——奴隶制结构与古代东方社会/何平著.-昆明:云南大学出版社,1999
    218页;20cm
    
    
    ISBN 7-81068-082-X:CNY12.00
    
●
相关链接 在E读中查询图书 在五车中查询图书 在当当中查询图书 在豆瓣中查询图书


正题名:东南亚的封建——奴隶制结构与古代东方社会     索取号:K33/4         预约/预借

序号 登录号 条形码 馆藏地/架位号 状态 备注
1 0322903   203229032   第二借阅区/ [索取号:K33/4] 在馆    
2 0322904   203229041   第二借阅区/ [索取号:K33/4] 在馆    
3 0322905   203229050   第二样本阅览室/ [索取号:K33/4] 在馆    
唐山师范学院图书馆 欢迎您!
大连网信软件有限公司© 版权所有